000 00331nam a2200133Ia 4500
008 211109s9999||||xx |||||||||||||| ||und||
082 _a820
_bSHE-R
100 _aSherdsn Richard Brinsly,
245 0 _aRials
260 _bJ n Dent
_aLondon
_c1998
630 _xGeneral Stack
650 _aEnglish Literature
_xEnglish
942 _cBOOK
999 _c3517
_d3517